| 000 | 00774cam a22002531 4500 | ||
|---|---|---|---|
| 001 | 9798236 | ||
| 003 | OSt | ||
| 005 | 20231006105513.0 | ||
| 008 | 720427r1955uuuunyu 000 1 eng | ||
| 010 | _a 55009263 | ||
| 020 | _a9781784875060 | ||
| 035 | _a(OCoLC)295506 | ||
| 040 |
_aDLC _cODaWU _dOCoLC _dOrOnT _dDLC |
||
| 041 | 1 | _aengger | |
| 042 | _apremarc | ||
| 050 | 0 | 0 |
_aPZ3.M3184 _bCo |
| 082 |
_a833.912 _bMAN/C |
||
| 100 |
_aMann, Thomas _d1875-1955. _96728 |
||
| 245 | 1 | 0 |
_aConfessions of Felix Krull / _cThomas Mann, Translated from the German by Denver Lindley. |
| 260 |
_aNew York, _bVintage, _c2019. |
||
| 300 | _a408 p. | ||
| 906 |
_a7 _bcbc _coclcrpl _du _encip _f19 _gy-gencatlg |
||
| 942 |
_2ddc _cBK _h833.912 _iMAN/C _k833.912 _mMAN/C |
||
| 999 |
_c42546 _d42546 |
||